000
00262nam a22000977a 4500
041
_a
eng
080
_a
80
100
_a
Передерій, Т. А.
245
_a
Настановно-корективний курс фонетики анг. мови
999
_c
280513
_d
280513
942
_c
BK